00680nam a2200193 450000500170000001000150001702000260003203500140005803700130007208200100008510000260009524501140012126000430023527000990027830000210037749000500039860000210044860000170046920190611123720.0 aENG-125511 a9789353165093c750.00 aEN-109043 bDBAD/PUB a621.3 aKang, Sung-Mo (Steve) aCMOS digital integrated circuits :banalysis and design /cby Sung-M- Kang, Yusuf Leblebici [and] Chulwoo Kim aChennai bMc Graw Hill Educationc2015 a444/1, Sri Ekambara Naicker, Industrial EstatebAlapakkam Porur, Chennai e600116k18001035875 a698p.c24cm(pbk) aIncludes bibliographical references and index dLeblebici, Yusuf dKim, Chulwoo